| 000 | 00778nam a2200229Ia 4500 | ||
|---|---|---|---|
| 003 | OSt | ||
| 005 | 20260421105357.0 | ||
| 008 | 220923b |||||||| |||| 00| 0 eng d | ||
| 020 | _a9780415544580 | ||
| 037 | _cGeneral Book | ||
| 040 |
_aRTL _cRTL _beng |
||
| 041 |
_2eng _aeng |
||
| 084 |
_aY:49(Q).273.N4, Q0 _qRTL |
||
| 100 |
_aGhosh Papiya _917308 |
||
| 245 | 0 |
_aMuhajirs and the nation: Bihar in the 1940s. _b |
|
| 260 |
_a New Delhi _bRoutledge _c2010 |
||
| 300 |
_axxx, 140 p. _bIncludes bibliographical references and index |
||
| 500 | _aBibliography: P 130-36 | ||
| 650 | _aSociology | ||
| 942 |
_hY:49(Q).273.N4, Q0 _cGB _2CC |
||
| 999 |
_c611707 _d611707 |
||